| 000 | 00569nam a2200181 i 4500 | ||
|---|---|---|---|
| 001 | 88697 | ||
| 003 | ES-MaACL | ||
| 005 | 20230906175916.0 | ||
| 007 | t| | ||
| 008 | 050105s1953 sp ||||1| spa d | ||
| 100 | 1 |
_aLandau, Mark Aleksandrovic. _969931 |
|
| 245 | 1 | 0 |
_aAntes del diluvio / _cMark Aldanov (seud.) ; [versión española de Julio Fernández-Yáñez Gimeno]. |
| 250 | _a[1ª ed.]. | ||
| 260 |
_aBarcelona : _bLuis de Caralt, _c[1953] |
||
| 300 |
_a616 p. ; _c21 cm. |
||
| 700 | 1 |
_aFernández-Yáñez, Julio. _950195 |
|
| 852 |
_aES-MaACL _jC-6449 _bR.34949 |
||
| 999 |
_c88697 _d88697 |
||